000 00490nam a22001817a 4500
003 KOHA_MİRAKIL
005 20251218115421.0
008 251218b tu ||||| |||| 00| 0 tur d
020 _a9786259954189
040 _aTR-AnABB
_btur
_cTR-AnABB
041 _atur
082 _a327.1
_bYEN 2023
245 1 0 _aYeni güvenlik tehditleri /
260 _aAnkara :
_bPolis Akademisi Yayınları,
_c2023
300 _a214 sayfa ;
_c21 cm
650 0 4 _aGüvenlik tehditleri
942 _2ddc
_cBK
999 _c9776
_d9776
900 _bGizem YORULMAZ